000 00418nam a22001697a 4500
005 20260402145525.0
008 260402b |||||||| |||| 00| 0 eng d
020 _a9789380231198
041 _aEnglish
082 _a340.59 DIW
100 _a Diwan, Paras
245 _aMuslim Law in Modern India
260 _aFaridabad :
_b Allahabad Law Agency,
_c2019.
300 _a404 p
650 _aMuslim Law
942 _cDB
999 _c9595
_d9595